| 000 | 01293nam a22002297a 4500 | ||
|---|---|---|---|
| 999 |
_c61913 _d61913 |
||
| 003 | Ge_BSU | ||
| 005 | 20240607120953.0 | ||
| 008 | 240607s1971 ge ||||| |||| 00| 0 geo d | ||
| 041 | _ageo | ||
| 080 | _a61(479.22)(09) ჟ-90 | ||
| 100 |
_aჟღენტი, ვლ. _922357 |
||
| 245 |
_aმედიცინის განვითარება საქართველოში და ქართველი ექიმები / _c ვლ. ჟღენტი, პ. გელბახიანი, ირ. ტატიშვილი. |
||
| 264 |
_aთბილისი : _bმეცნიერება, _c1971. |
||
| 300 |
_a736 გვ. : _bილ. ; _c26 სმ. |
||
| 500 | _aდამატებითი თავფურცელი რუსულ და ინგლისურ ენებზე. | ||
| 520 | _aრეზიუმე რუსულ და ინგლისურ ენებზე. | ||
| 653 | _aმედიცინის ისტორია საქართველოში | ||
| 653 | _aქართველი ექიმები. | ||
| 700 |
_aგელბახიანი, პ. _eავტორი _922358 |
||
| 700 |
_aტატიშვილი, ირ. _eავტორი _922359 |
||
| 942 |
_2udc _cᲬᲘᲒᲜᲘ |
||